Sol's RNG Quiz - Statistics

General Stats
  • This quiz has been taken 474 times
    218 since last reset
  • The average score is 25 of 30
Answer Stats
Hint Answer % Correct
Which biome does the Sandworm spawn in? Sandstorm
98%
Which biome is the Rarest? Glitched
97%
Which biome turns everything gray? Null
96%
Which NPC is found in a cave? Stella
95%
How many biomes are there?(Includes Normal)(Excluding Event biomes) 10(Normal, Windy, Snowy, Rainy, Sandstorm, Starfall, Hell, Null, Dreamspace, and Glitched)
94%
Which NPC is a trader with a 10% spawn chance? Jester
93%
Which NPC owns the gear shop? Jake
92%
Which NPC is a trader with a 90% spawn chance? Mari
92%
Which NPC gives quests during the events? Lime
89%
Which aura has a 1 in 100 chance from an Oblivion Potion? Memory
89%
Which aura makes the player hold a gun when equipped? Glock
88%
Which aura has the ability to teleport you? Arcane
87%
Which aura from the Glitched Biome has a chance of 1 in 220000000? Oppression
87%
Which area of the map can be accessed by lighting 4 candles using specific methods? The Limbo
87%
Which aura can be crafted from a Solar, a Lunar, and a Divinus? Eclipse
86%
Which Potion can be obtained by playing in the Null biome for a daily quest? Potion of Bound
86%
Which item that can be found in the Starfall biome will open a portal to the cave upon giving it to an NPC? Stella's Star
86%
Which NPC is a trader who stands by a tree and restocks her shop every 24 hours? Fischl
84%
Which aura has a giant black hole above your avatar? Gargantua
84%
Chromatic: Exotic was removed from the game due to another game having the same aura. Which aura replaced it? Chromatic: Genesis
82%
What is the rarest aura? Equinox
81%
What item is usually the first one you craft? Luck Glove
81%
What is that aura's rarity? 1 in 2,500,000,000
79%
Which NPC owns the UGC shop? Bob
77%
This area of the map can be accessed by a mine in the mountain Caves
77%
Which aura's rarity was recently changed from 120000 to 666666? Undead: Devil
74%
Which aura from the 2024 Summer Event had a 1 in 320000 chance of being rolled? Watermelon
65%
Which aura has its rarity at a "funny" number? Flushed
64%
Which Summer 2025 Event aura can be purchased for 200 pearl clams? Bioluminescent
57%
Which aura was removed due to a bug where the model would not delete itself when the player who had it equipped left the game? Lightning
45%
No matching quizzes found
Score Distribution
Percent of People with Each Score
Percentile by Number Answered
Your Score History
You have not taken this quiz since the last reset